000 00373nam a2200145Ia 4500
008 230312s9999||||xx |||||||||||||| ||und||
020 _a1572318147
082 _a005.276
_bEVA-P
100 _aKamal,Raj
245 0 _aDigital systems : principles and design
260 _bMicrosoft Press
_aUSA
_c1999
300 _a611
650 _aComputer
_vWeb sites Design
942 _cBK
999 _c18310
_d18310